Practical guide to employees' provident funds : (Record no. 66503)
[ view plain ]
| 000 -LEADER | |
|---|---|
| fixed length control field | 00559nam a22001697a 4500 |
| 005 - DATE AND TIME OF LATEST TRANSACTION | |
| control field | 20180723130511.0 |
| 020 ## - INTERNATIONAL STANDARD BOOK NUMBER | |
| International Standard Book Number | 8175345330 |
| Terms of availability | 295.00 |
| 035 ## - SYSTEM CONTROL NUMBER | |
| System control number | B-167954,B-167952, B-167949 |
| 037 ## - SOURCE OF ACQUISITION | |
| Stock number | DPL |
| Source of stock number/acquisition | ENG |
| 100 ## - MAIN ENTRY--PERSONAL NAME | |
| Personal name | Kumar, H.L. |
| 245 ## - TITLE STATEMENT | |
| Title | Practical guide to employees' provident funds : |
| Remainder of title | Act, rules and schemes / |
| Statement of responsibility, etc | by H.L. Kumar and Gaurav Kumar |
| 250 ## - EDITION STATEMENT | |
| Edition statement | 5th ed. |
| 260 ## - PUBLICATION, DISTRIBUTION, ETC. (IMPRINT) | |
| Place of publication, distribution, etc | New Delhi |
| Name of publisher, distributor, etc | Universal Law Publishing Co. |
| Date of publication, distribution, etc | 2006 |
| 300 ## - PHYSICAL DESCRIPTION | |
| Extent | xxxvi, 374p. |
| Dimensions | 22 cms. |
| 700 ## - ADDED ENTRY--PERSONAL NAME | |
| Personal name | Kumar, Gaurav |
| 9 (RLIN) | 46925 |
| 942 ## - ADDED ENTRY ELEMENTS (KOHA) | |
| Source of classification or shelving scheme | Dewey Decimal Classification |
| Item type | English Books |
| Classification part | 342.068 |
| Call number suffix | KUM |
| Withdrawn status | Lost status | Not for loan | Collection code | Home library | Current library | Date acquired | Cost, normal purchase price | Full call number | Barcode | Cost, replacement price | Koha item type | Source of acquisition | Copy number |
|---|---|---|---|---|---|---|---|---|---|---|---|---|---|
| Non-fiction | Patel Nagar | Patel Nagar | 23/07/2018 | 295.00 | 342.068 KUM | B-167949 | 295.00 | English Books | BPPD/PUB | ||||
| Non-fiction | Sarojini Nagar | Sarojini Nagar | 11/05/2012 | 295.00 | 342.068 KUM | B-167954 | 295.00 | English Books | |||||
| Non-fiction | Tri Nagar | Tri Nagar | 12/07/2018 | 295.00 | 342.068 KUM | B-167952 | 295.00 | English Books | BPPD/pub | 1 |
